Competency Management in the Public Sector : European Variations on a Theme /

Salvato in:
Dettagli Bibliografici
Autore principale: Horton, Sylvia (ed.)
Altri autori: Hondeghem, Annie (edición) (edición), Farnham, David (edición) (edición)
Natura: Libro
Lingua:inglese
Pubblicazione: Amsterdam, Holanda : Bruselas, Bélgica : IOS : Ohmsha ; International Institute of Administrative Sciences, 2002, c2002
Boulder, EUA : NetLibrary [distribución], 2003
Serie:(International Institute of Administrative Sciences Monographs ; 19)
(EGPA Monograph)
Soggetti:
Accesso online:Ver documento en línea
Tags: Aggiungi Tag
Nessun Tag, puoi essere il primo ad aggiungerne!!

MARC

LEADER 00000nam^a2200000^a^4500
001 000194618
005 20251023000000.0
009 20260310102722.189
020 |a 978-0-5854-5859-5 
037 |a Acervo ITESO - Biblioteca 
041 |a ING 
082 |a 351. 10940  |b HOR 
100 |a Horton, Sylvia  |e (ed.) 
245 1 0 |a Competency Management in the Public Sector :  |b European Variations on a Theme /  |c Ed. de S. Horton, A. Hondeghem, D. Farnham. 
264 4 |a Amsterdam, Holanda :  |b IOS :  |b Ohmsha ;  |a Bruselas, Bélgica :  |b International Institute of Administrative Sciences,  |c 2002, c2002 
264 4 |a Boulder, EUA :  |b NetLibrary [distribución],  |c 2003 
300 |a 1 libro electrónico en línea (XVII, 189 p.) 
336 |a datos para computadora  |b cod  |2 rdacontenido 
337 |a computadora  |b c  |2 rdamedio 
338 |a recurso en línea  |b cr  |2 rdasoporte 
440 1 |a (International Institute of Administrative Sciences Monographs ;  |v 19) 
440 1 |a (EGPA Monograph) 
506 1 |a 1 licencia 
649 |a XX 
650 |a Competitividad -  |z Unión Europea 
650 |a Servicio Civil de Carrera -  |z Unión Europea 
650 |a Planeación Estratégica -  |z Unión Europea -  |x Tema Principal 
650 |a Administración por Objetivos -  |z Unión Europea 
650 |a Recursos Humanos -  |z Unión Europea 
650 |a Administración Pública -  |z Unión Europea -  |x Tema Principal 
650 |a Políticas Públicas 
650 |a Política 
700 |a Hondeghem, Annie  |e (edición) 
700 |a Farnham, David  |e (edición) 
856 4 0 |u https://ezproxy.iteso.mx/login?url=https://search.ebscohost.com/login.aspx?direct=true&scope=site&db=nlebk&db=nlabk&AN=87527  |y Ver documento en línea 
910 |a Fondo General 
920 |a Electrónicos - Libros en Línea 
930 |a Plataforma Digital 
905 |a 205 
901 |a 194618  |b IT2  |c EBO  |i C132  |u 20250521 
902 |a https://opac.biblio.iteso.mx/vufind/Record/000194618